| 000 | 00658nam a2200229Ia 4500 | ||
|---|---|---|---|
| 003 | GCL | ||
| 008 | 140319s9999 xx 000 0 ara d | ||
| 040 |
_aGCL / _cGCL |
||
| 082 | 0 | 4 |
_a709.1 _bك ف |
| 100 | 1 | _aاحمد موسى الخطيب | |
| 245 | 1 | 0 |
_aالفن الاسلامى / _cاحمد موسى الخطيب |
| 700 | 1 | _aكوتل, ارنست | |
| 260 |
_a[S.N] : _bدار صادر |
||
| 300 | _a206 ص | ||
| 650 | 0 | 4 | _aالعمارة الاسلامية |
| 650 | 0 | 4 | _aالاثار الاسلامية |
| 650 | 0 | 4 | _aالمساجد |
| 650 | 0 | 4 | _aالفن |
| 650 | 0 | 4 | _aالزخرفة |
| 650 | 0 | 4 | _aالفن الاسلامى |
| 942 |
_2ddc _cBK |
||
| 999 |
_c31402 _d31402 |
||